| 000 | 00896cam a2200277u 4500 | ||
|---|---|---|---|
| 001 | 000011678 | ||
| 003 | DO-SdBNP | ||
| 005 | 20250721101308.0 | ||
| 008 | 830825s1943 sp 000 0 spa | ||
| 010 | _a49033635 | ||
| 040 |
_aDO-SdBNP _cCarP _dDLC |
||
| 043 | _ae-fr--- | ||
| 050 | 0 | 0 |
_aHF5642 _b.B362 1943 |
| 100 | 1 |
_aBatardon, Leon Auguste, _d1874- _927676 |
|
| 240 | 0 | 2 |
_aL'inventaire et le bilanchez commerçant seul. _lEspañol |
| 245 | 1 | 0 |
_aInventarios y balances : _bestudio jurídico y contable / _c Léon Auguste Batardon, |
| 250 | _a2a. ed. | ||
| 260 |
_aBarcelona, : _bEditorial Labor, _c1943. |
||
| 300 |
_a387 p. ; _c21 cm. |
||
| 650 | 0 |
_aInventarios _951536 |
|
| 650 | 7 |
_aContabilidad _95846 |
|
| 650 | 7 |
_aContabilidad _xLegislación _zFrancia _95846 |
|
| 830 | 0 |
_aBiblioteca del contable moderno, _v6. [from old catalog] _927680 |
|
| 910 | _aDC | ||
| 942 |
_2ddc _cLBS1 |
||
| 999 |
_c11364 _d11364 |
||